| 000 | 00833nas a2200277 4500 | ||
|---|---|---|---|
| 001 | BR2012007811 | ||
| 003 | BR-BrBNA | ||
| 005 | 20231205121332.0 | ||
| 007 | ta | ||
| 008 | 230509b bl.|||p| |||| 00| 00por d | ||
| 040 |
_aBR-BrBNA _bpor _cBiblioteca Nacional de Agricultura |
||
| 041 | _a(Pt) | ||
| 072 | _aE70; E14 | ||
| 100 | 1 | _aSantini, G.A. | |
| 100 | 1 | _aPigatto, G. | |
| 245 | 1 | _aEstratégias tecnológicas e de posicionamento da oferta de carne de frango nacional | |
| 650 | _aFRANGO | ||
| 650 | _aCARNE | ||
| 650 | _aCADEIA PRODUTIVA | ||
| 650 | _aMERCADO | ||
| 650 | _aTECNOLOGIA | ||
| 650 | _aINOVAÇÃO | ||
| 773 | 0 |
_tOrganizações Rurais e Agroindustriais (Brazil) _xISSN 1517-3879 _g(May-Aug 2008), v. 10(2) p. 239-249 _wBR2012007811 |
|
| 909 |
_a202311 _bLúcia _c55 _dLúcia Elande |
||
| 942 |
_2AGRIS _n0 _cANA |
||
| 999 |
_c223008 _d223008 |
||